Countries that are not fully recognized - Statistics

General Stats
  • This quiz has been taken 212 times
    186 since last reset
  • The average score is 8 of 15
Answer Stats
Status Continent Country Dissenting Party (UN Members; Non-UN entities) % Correct
UN Member State Asia Palestine Israel and (47) other UN Members
85%
UN Member State Europe Kosovo Serbia, Bosnia, Spain, Greece, Russia, and (84) other UN Members
75%
Non-UN Asia Taiwan China and (181) UN Members
74%
UN Member State Asia Israel Iran and (27) other UN Members; Palestine
58%
Non-UN Asia South Ossetia All UN Members but Russia, Syria, Nauru, Nicaragua, and Venezuela
56%
Non-UN Asia Abkhazia All UN Members but Russia, Syria, Nauru, Nicaragua, and Venezuela
54%
UN Member State Asia North Korea South Korea
52%
Non-UN Africa Somaliland Somalia and all UN Members; only recognized by themselves.
52%
Non-UN Africa Sahrawi Arab Democratic Republic All UN Members but Morocco and the US
50%
UN Member State Asia South Korea North Korea
48%
UN Member State Asia China (11) UN Members; Taiwan
46%
Non-UN Europe Transnistria Moldova and all UN Members; only recognized by other non-UN Members.
46%
Non-UN Asia Northern Cyprus All UN Members except Turkey
41%
UN Member State Asia Armenia Pakistan
32%
UN Member State Asia Cyprus Turkey; Northern Cyprus
32%
No matching quizzes found
Score Distribution
Percent of People with Each Score
Percentile by Number Answered
Your Score History
You have not taken this quiz since the last reset